00510nam a2200157Ia 4500100002600000650002100026942000700047366000700054245004200061260003300103082001700136300000800153546002400161999001700185952015000202 aChanda/B/ Majumder/D  aimage processing cBK f25 aDigital image processing and analysis bPrentice Hall of Indiac2011 a621.367bCHA a469 aENGLISHcPAMPHALETS c20121d20121 001040708CRCaCRCEbCRCEd2023-03-17eAllied Publishersg243.75i3536 dt 21/03/2012l0o621.367 CHAp22002r2023-03-17v325.00w0000-00-00yBK